Musique de Kendrick Lamar avec 500 millions d'écoutes - Statistiques

Statistiques générales
  • Ce quiz a été pris 327 fois
    14 depuis la dernière actualisation
  • Le résultat moyen est 14 sur 31
Statistiques - réponses
nombre d'écoutes musique % Correct
2 967 970 000 All The Stars
100%
1 910 000 000 Not Like Us
91%
2 204 810 000 Money Trees
82%
867 800 000 tv off (feat.lefty gunplay)
82%
2 903 680 000 HUMBLE.
73%
1 034 980 000 Alright
64%
1 458 100 000 DNA.
64%
1 864 320 000 LOVE.FEAT.ZACARI.
64%
942 680 000 Bitch, Don't Kill My Vibe
55%
1 165 390 000 family ties (baby keem)
55%
739 140 000 King Kunta
55%
1 490 390 000 luther (with SZA)
55%
911 830 000 m.A.A.d city
55%
549 770 000 N95
55%
1 168 860 000 PRIDE.
55%
992 000 000 Like That (future)
45%
529 000 000 squabble up
45%
1 138 880 000 Swimming Pools (Drank)
45%
587 000 000 Swimming Pools (Drank) - [Black Hippy Remix]
45%
585 050 000 ELEMENT.
36%
3 116 150 000 goosebumps (Travis Scott)
27%
870 310 000 LOYALTY.FEAT.RIHANNA.
27%
724 290 000 Poetic Justice
27%
1 179 500 000 Pray For Me
27%
511 000 000 Backseat Freestyle
18%
1 003 600 000 F**kin' Problems (A$AP rocky)
18%
678 210 000 King's Dead
18%
517 000 000 A.D.H.D
9%
715 200 000 The Greatest (sia)
9%
794 790 000 Collard Greens (scHoolboy Q)
0%
1 037 360 000 Don't Wanna Know (maroon 5)
0%
Aucun quiz correspondant
Distribution des résultats
% des personnes avec chaque résultat
Percentile par nombre de réponses
Votre historique - résultats
Vous n’avez pas pris ce quiz depuis la dernière actualisation